LDR 01160nam a2200265 4500 001 000000367258 003 CaOOAMICUS 005 20260416144451.0 008 260415s2012 it 000 u ita r 020 $a978-88-222-6148-9 040 $aSeMil$bita 100 1 $aSibilla, Paolo.$0(OLS)http://semarc/name/124141 245 10$aApprodi e percorsi :$bsaggi di antropologia alpina /$cPaolo Sibilla. 264 1$aFirenze :$bOlschki,$c2012. 300 $aXXI, 224 p. ;$c24 cm 490 1 $aBiblioteca di Lares. Nuova serie. Monografie ;$v65. 650 4$aAlpi
- Antropologia.$0(OLS)http://semarc/subject/59984 830 0$aBiblioteca di Lares. Nuova serie. Monografie ;$v65.$0(OLS)http://semarc/title/459156 850 $aSeMil 852 $aSeMil$W1$xVenegono$y1$m3P III 610$j270311$B257974$CSeMilBibl$Z2$F257974 $81 961 $aCaspani Maurizio - Lascito 996 $6020$a978-88-222-6148-9$9(OLS)http://semarc/number/305675 996 $6245$aApprodi e percorsi :$bsaggi di antropologia alpina$9(OLS)http://semarc/title/459155 996 $6264$aFirenze :$bOlschki$9(OLS)http://semarc/publisher/30137